000 00566nam a22001817a 4500
003 UA-OsUOA
001 15050
007 ta
008 20031029b un ||||| |||| 00| 0 ukr d
100 _aСамойлик С.
942 _cSA
040 _aUA-OsUOA
_cUA-OsUOA
_dUA-OsUOA
245 _aЖивуть у Тинному традиції: [Свято с. Тинне Сарнен. р-ну]
300 _aС.2
955 _a0
773 0 _w0
_tСарненські новини
_dСарни
_d2003
_g№89/ 11 верес./
650 7 _aКраєзнавча робота
_2UDC
999 _c301215
_d301215